000 00696nam a22001937a 4500
005 20230418160440.0
008 230418b ||||| |||| 00| 0 eng d
020 _a9781484258286
040 _cAIMIT LIBRARY
082 _21
_a005.76812
_bWADR
100 _aWade, Ryan.
_990165
245 _aAdvanced analytics in power BI with R and python :
_bingesting transforming visualizing /
_cBy Ryan Wade.
250 _a1st ed.
260 _aNew York :
_bApress ,
_c2023.
300 _axlvi,391 p.;
_bPB
_c26 cm.
650 _aCreating custom data visualizations using r
_990166
650 _aIngesting data into the power bi data model using r and python
_990167
942 _2ddc
_cBK
_e1st
_k005.76812 WADR
999 _c227205
_d227205